Estadísticas para Historia por Letra - F

Haz click aquí para tomar la prueba!

Estadísticas generales

  • Esta prueba ha sido tomada 2.848 veces
  • La puntuación promedio es 11 de 20

Estadísticas de respuestas

PistaRespuesta% Correcto
Sistema medieval de señores y vasallos{Feudal}ismo
93%
Período en el que la guillotina encontró un uso frecuenteRevolución {francesa}
91%
País que fue ocupado por España, Japón y los Estados UnidosFilipinas
90%
Fundador austríaco del psicoanálisisSigmund Freud
88%
La diarista judía que se escondió en un ático en ÁmsterdamAna Frank
87%
“ismo” de Mussolini{Fasc}ismo
84%
Ciudad de los MediciFlorencia
81%
Descubridor de penicilinaAlexander Fleming
63%
Su asesinato comenzó la Primera Guerra MundialFrancisco Fernando
61%
¿Qué cedió España a los Estados Unidos en 1819?Florida
60%
Un padre fundador de los Estados Unidos que "inventó" la electricidadBenjamin Franklin
56%
La antigua civilización marítima que fundó CartagoFenicia
53%
El estilo de pintura mural que fue popular en la Italia del RenacimientoFresco
49%
Símbolo en el escudo francésFleur-de-lis
42%
Sucesor de Richard NixonGerald Ford
39%
Tragedia de Goethe sobre un trato con el DiabloFausto
38%
El inglés que descubrió el electromagnetismoMichael Faraday
28%
Conspiración de la pólvoraGuy Fawkes
17%
La sociedad del "Rito Escocés"Francmasonería
11%
El movimiento espiritual y de ejercicio que fue brutalmente suprimido por ChinaFalun Gong
8%

Distribución de puntuación

Porcentaje por número respondido

Porcentaje de gente con cada puntuación

Historial de tus puntuaciones

No has tomado esta prueba